000 01109nam a2200265 a 4500
008 960511s1984.|||[C 0 slo c
020 _c36 Kčs.
040 _aSNK
_bslo
_cSNK
_eAACR2
041 1 _aslo
044 _axo
_cSK
080 _a785.7:786.2(086.7)
080 _a786.2(086.7)
080 _a786.2
110 0 _aTrávničkovo kvarteto
_4prf
245 1 0 _aDezider Kardoš
_hAudiozáznam
_cTrávničkovo kvarteto, Bratislavské dychové kvinteto, Slovenský komorný orchester ; Ľudmila Kojanová, Pavol Novotný
260 _aBratislava,
_bOpus
_c1984.
300 _a2 s.
500 _aGramofónová platňa. Stereo. Má 4 skladby. Obal Jozef Trepáč. Notes Vladimír Godár. Fot. Miloš Vančo. Dizajn Otto Nittnaus. Vytl. Grafobal, n.p., Skalica.
500 _aKlavír Ľudmila Kojanová, Pavol Novotný. Hrá Travničkovo kvarteto, Bratislavské dychové kvinteto a Slovenský komorný orchester.
700 1 _aKojanová, Ľudmila
_4nrt
700 1 _aNovotný, Pavol
_4nrt
710 0 _aBratislavské dychové kvinteto
_4prf
710 0 _aSlovenský komorný orchester
_4prf
958 _aJ
999 _c15102
_d15102